000 00298nam a22001337a 4500
008 170612b xxu||||| |||| 00| 0 eng d
020 _a9780415805841
041 _aeng
080 _a32
100 _a19
101 _aSHP
245 _aEVIDENCE-BASED POLICYMAKING
_cCORBETT, K.B
942 _2udc
_cBK
999 _c16975
_d16975